|
|
|
|
| LEADER |
00594cam a2200193 a 4500 |
| 001 |
0000074606 |
| 005 |
20041104090000.0 |
| 040 |
|
|
|a mod
|
| 041 |
|
|
|a eng
|
| 020 |
0 |
0 |
|a 8171697100
|
| 090 |
0 |
0 |
|a 364.168
|b DUD
|e 2003
|
| 100 |
1 |
0 |
|a Dudeja
|h V.D.
|
| 245 |
1 |
0 |
|a Crimes in cyber space-scams & frauds (Issues and Remedies)
|c V.D. Dudeja
|
| 260 |
0 |
0 |
|a New Delhi
|b Ajay Verma
|c 2003
|
| 300 |
0 |
0 |
|a v, 279p.
|b ill.
|c 25cm
|
| 500 |
0 |
0 |
|a Includes bibliographical references and index
|
| 650 |
0 |
0 |
|a Cmputer crimes
|z India
|
| 852 |
0 |
0 |
|a 01
|
| 999 |
|
|
|a 0235906
|b KEMENTAH
|d BOOKS
|e Umum
|f Perpustakaan KEMENTAH
|j AVAILABLE
|q GOOD CONDITION
|